¿Verdadero o Falso? - Perú - Estadísticas

Estadísticas generales
  • Esta prueba ha sido intentada 1.775 veces
  • La puntuación promedio es 9 de 15
Estadísticas de respuestas
Pregunta Respuesta % Correcto
Hay gente que vive en islas flotantes de cañas en el lago Titicaca. Verdadero
85%
El cuy asado es un plato peruano Verdadero
82%
La frontera más larga del Perú es con Colombia Falso
75%
Quechua es una bebida hecha con hojas de coca. Falso
72%
Perú tiene una duna de arena de más de un kilómetro de altura Verdadero
72%
La papa es originaria del Perú. Verdadero
68%
Los incas fueron conquistados por el conquistador Hernán Cortés Falso
62%
El río Amazonas nace en Perú Verdadero
62%
Las llamas son parientes cercanas de los camellos. Verdadero
61%
Perú tiene la ciudad no insular más grande del mundo sin acceso por carretera Verdadero
60%
Sendero Luminoso es una orden chamánica en la selva peruana Falso
55%
Machu Picchu es la estructura construida por el hombre más antigua de América Falso
53%
El expresidente Alberto Fujimori vive en la finca más grande de Lima, de más de 15 kilómetros cuadrados Falso
47%
Perú es el único país de 4 letras de las américas Falso
43%
El cañón más profundo de América se encuentra en Perú Verdadero
42%
No se encontraron pruebas coincidentes
Distribución de puntuación
Porcentaje de gente con cada puntuación
Porcentaje por número respondido
Historial de tus puntuaciones
No has intentado esta prueba.